Score 0/35 Timer 04:00
0 Plays Today
Number Country % Correct
45Italy
98.7%
9France
96.5%
17United States
96.5%
12Spain
95.5%
10Germany
95.5%
3United Kingdom
93.3%
10Brazil
93.2%
6Poland
91.7%
6Mexico
91.7%
4Argentina
89.6%
3Portugal
86.3%
3Canada
82.9%
2Ireland
82.7%
3Chile
77.7%
2China
76.2%
2Belgium
72%
2Australia
71%
2South Korea
70.5%
Number Country % Correct
2Netherlands
70.2%
4Colombia
69.4%
2Switzerland
66.9%
2Venezuela
65.6%
2Czechia
64%
2Hungary
63.6%
2Vietnam
61.6%
5India
60.6%
2New Zealand
57.7%
3Nigeria
56.5%
2Slovakia
54.7%
4Philippines
47.8%
2Ukraine
47.8%
2Thailand
31.7%
2Nicaragua
25.1%
2Lebanon
21.3%
2Mozambique
11.6%

You're not logged in!

Compare scores with friends on all Sporcle quizzes.
OR
Log In

Sporcle TV

Today on Sporcle TV


Watch our educational content, quiz creation guides, and fun videos on Sporcle TV.

Show Comments

Extras

Top Quizzes Today


Score Distribution

Paid Content

Your Account Isn't Verified!

In order to create a playlist on Sporcle, you need to verify the email address you used during registration. Go to your Sporcle Settings to finish the process.

Report this User

Report this user for behavior that violates our Community Guidelines.

Details: